000 00536nam a22001817a 4500
005 20240514113506.0
010 _aENG-140314
020 _c160.00
_a9789391091897
035 _aEN-123846
037 _bDBAD
082 _a881
100 _aArora, Vandana
_966157
245 _aPoetic Pilgrimage:
_bAn Anthology of Sublime Poems/
_cby Vandana Arora
260 _aGurugram
_bThe Poetry Society of India
_c2024
270 _aH-23/16,DLF Phase-1
_bGurugram
300 _aXX-38p.
_c21cm(pb)
942 _2ddc
_cEN
_h881
_mARO
999 _c202772
_d202772